000 00366nam a2200133Ia 4500
008 100328s9999 xx 000 0 und d
082 _b58248
100 _aदेसाई रणजित.
245 _aबारी.
260 _bमेहता पब्लिशिंग हाऊस.
630 _aबारी.
730 _aबारी.
942 _cBOOK
999 _c544602
_d544599